[Event "Dutch League 2023-24"]
[Site "Netherlands NED"]
[Date "2024.02.03"]
[Round "6.1"]
[White "Dardha, Daniel"]
[Black "Lodici, Lorenzo"]
[Result "1-0"]
[WhiteTitle "GM"]
[BlackTitle "GM"]
[WhiteElo "2630"]
[BlackElo "2565"]
[WhiteTeam "Kennemer Combinatie"]
[BlackTeam "AMEVO Apeldoorn"]
[WhiteFideId "240990"]
[BlackFideId "884189"]
[EventDate "2023.09.16"]
[EventType "team"]

1. Nf3 d5 2. e3 Nf6 3. c4 e6 4. Nc3 Bd6 5. b3 c5 6. Bb2 O-O 7. cxd5 exd5 8. Be2
Nc6 9. d4 Bg4 10. O-O Bxf3 11. Bxf3 cxd4 12. exd4 Re8 13. g3 Bf8 14. Qd3 Rc8 15.
Rac1 Qd7 16. Kg2 Nb4 17. Qb1 h5 18. h4 g6 19. Rcd1 Bh6 20. a3 Nc6 21. Qd3 Na5
22. Rfe1 Bg7 23. Ne2 Nc6 24. Kg1 Re7 25. Nf4 Rce8 26. Rxe7 Rxe7 27. Bc1 Re8 28.
Kg2 Nd8 29. Be3 Ne6 30. Rc1 Bf8 31. b4 Ng7 32. Ne2 Nf5 33. Bf4 Bd6 34. Bxd6 Nxd6
35. Nf4 Nde4 36. Qc2 Qf5 37. Qa4 a6 38. Rc7 b5 39. Qc2 g5 40. hxg5 Qxg5 41. Rc8
Rxc8 42. Qxc8+ Kg7 43. Qc7 Kf8 44. Qd8+ Kg7 45. Qe7 Kg8 46. Qe5 Qxe5 47. dxe5
Nd7 48. Nxd5 Nd2 49. e6 fxe6 50. Nc7 Nxf3 51. Kxf3 Kf7 52. Ke4 Ke7 53. Nxa6 Kd6
54. Nc5 Nb6 55. Kd4 e5+ 56. Ke4 Nd5 57. Nb7+ Ke6 58. Nd8+ Kd6 59. Nf7+ Ke6 60.
Nxe5 Nc3+ 61. Kd4 Ne2+ 62. Ke3 Nxg3 63. fxg3 Kxe5 64. Kd3 Kf5 65. Kc3 Kg4 66. a4
bxa4 67. b5 1-0

[Event "Dutch League 2023-24"]
[Site "Netherlands NED"]
[Date "2024.02.03"]
[Round "6.2"]
[White "Warmerdam, Max"]
[Black "Sokolov, Ivan"]
[Result "1/2-1/2"]
[WhiteTitle "GM"]
[BlackTitle "GM"]
[WhiteElo "2633"]
[BlackElo "2588"]
[WhiteTeam "AMEVO Apeldoorn"]
[BlackTeam "Kennemer Combinatie"]
[WhiteFideId "1048104"]
[BlackFideId "14400030"]
[EventDate "2023.09.16"]
[EventType "team"]

1. Nf3 d5 2. g3 Bg4 3. Bg2 Nd7 4. h3 Bh5 5. c4 dxc4 6. Na3 Nb6 7. Nxc4 c6 8. b3
e6 9. Bb2 Nf6 10. O-O Be7 11. Nfe5 O-O 12. d4 Rc8 13. Rc1 Nfd7 14. Nd3 f6 15.
Na5 Qc7 16. b4 Nd5 17. a3 f5 18. Qb3 Bxe2 19. Rfe1 Bxd3 20. Qxd3 Bg5 21. Rc2
Rce8 22. Rxe6 Rxe6 23. Bxd5 Qd6 24. Bxe6+ Qxe6 25. d5 cxd5 26. Re2 Qf7 27. Nxb7
Nb6 28. Nc5 Bh6 29. Bd4 Nc4 30. Bc3 Nd6 31. f3 Ne4 32. fxe4 fxe4 33. Qd1 Qf3 34.
Be5 Be3+ 35. Kh2 d4 36. Bxd4 Bxd4 37. Nxe4 h6 38. a4 Kh8 39. Qe1 Re8 40. h4 Re6
41. b5 g5 42. Qd2 Rxe4 43. Rxe4 Qxe4 44. hxg5 h5 45. Qd1 Qg4 46. Qe1 Kg7 47. Qe8
Qd1 48. Qd7+ Kg6 49. Qd6+ Kxg5 50. Qd5+ Kf6 51. Qd6+ 1/2-1/2

[Event "Dutch League 2023-24"]
[Site "Netherlands NED"]
[Date "2024.02.03"]
[Round "6.3"]
[White "Vrolijk, Liam"]
[Black "Zwirs, Nico"]
[Result "1/2-1/2"]
[WhiteTitle "GM"]
[BlackTitle "IM"]
[WhiteElo "2556"]
[BlackElo "2480"]
[WhiteTeam "Kennemer Combinatie"]
[BlackTeam "AMEVO Apeldoorn"]
[WhiteFideId "1048333"]
[BlackFideId "1036432"]
[EventDate "2023.09.16"]
[EventType "team"]

1. d4 d5 2. c4 e6 3. Nf3 Nf6 4. g3 Be7 5. Bg2 O-O 6. O-O c6 7. Qc2 b6 8. Rd1 Bb7
9. b3 Nbd7 10. Nbd2 Rc8 11. e4 c5 12. exd5 exd5 13. Bb2 dxc4 14. Qxc4 cxd4 15.
Qxd4 Rc2 16. Bc3 Qc8 17. Rdc1 Rxc1+ 18. Rxc1 Qa8 19. Bb2 Rc8 20. Rxc8+ 1/2-1/2

[Event "Dutch League 2023-24"]
[Site "Netherlands NED"]
[Date "2024.02.03"]
[Round "6.4"]
[White "Beerdsen, Thomas"]
[Black "Nijboer, Friso"]
[Result "1-0"]
[WhiteTitle "GM"]
[BlackTitle "GM"]
[WhiteElo "2504"]
[BlackElo "2473"]
[WhiteTeam "AMEVO Apeldoorn"]
[BlackTeam "Kennemer Combinatie"]
[WhiteFideId "1030108"]
[BlackFideId "1000063"]
[EventDate "2023.09.16"]
[EventType "team"]

1. e4 c5 2. Nf3 Nc6 3. Bb5 e6 4. O-O Nge7 5. Re1 a6 6. Bf1 d5 7. d3 d4 8. e5 Nd5
9. c4 dxc3 10. bxc3 Be7 11. c4 Nc7 12. Nc3 O-O 13. Ne4 b6 14. Rb1 Rb8 15. Be3
Bd7 16. Qd2 Na8 17. g3 Kh8 18. Bg2 Rc8 19. Rbd1 Be8 20. Qb2 Qc7 21. h4 Rd8 22.
Bf4 b5 23. h5 Nb4 24. Nd6 Bc6 25. h6 g6 26. Ng5 Kg8 27. Bh3 1-0

[Event "Dutch League 2023-24"]
[Site "Netherlands NED"]
[Date "2024.02.03"]
[Round "6.5"]
[White "Pham, Khoi"]
[Black "Van Delft, Merijn"]
[Result "1/2-1/2"]
[WhiteTitle "FM"]
[BlackTitle "IM"]
[WhiteElo "2396"]
[BlackElo "2379"]
[WhiteTeam "Kennemer Combinatie"]
[BlackTeam "AMEVO Apeldoorn"]
[WhiteFideId "1054988"]
[BlackFideId "1004670"]
[EventDate "2023.09.16"]
[EventType "team"]

1. d4 d5 2. c4 c6 3. Nf3 Nf6 4. cxd5 cxd5 5. Nc3 Nc6 6. Bf4 Nh5 7. Bd2 Nf6 8.
Rc1 a6 9. Bf4 Nh5 10. Bd2 Nf6 11. a3 Bf5 12. h3 h6 13. Bf4 e6 14. e3 Bd6 15.
Bxd6 Qxd6 16. Be2 O-O 17. O-O b5 18. b4 Nd7 19. Nd2 Nb6 20. Nb3 Rfb8 21. Nc5 Bg6
22. a4 Nxb4 23. axb5 a5 24. Qb3 Nd7 25. N3a4 Nb6 26. Rc3 Nxa4 27. Nxa4 f6 28.
Qa3 Be8 29. Rc5 Rb7 30. Rfc1 Kh7 31. Nc3 f5 32. Na2 Nxa2 33. Qxa2 a4 34. Ra1 Qb8
35. Qb2 a3 36. Rxa3 Rxa3 37. Qxa3 Bxb5 38. Bxb5 Rxb5 39. Rxb5 Qxb5 40. Qe7 Qb1+
41. Kh2 Qe4 42. Qf7 Kh8 43. Kg3 Kh7 44. Qe8 g5 45. Qf7+ Kh8 46. Kh2 f4 47. exf4
gxf4 48. Qf6+ Kh7 49. h4 Qf5 50. Qe7+ 1/2-1/2

[Event "Dutch League 2023-24"]
[Site "Netherlands NED"]
[Date "2024.02.03"]
[Round "6.6"]
[White "Kuipers, Stefan"]
[Black "Schoppen, Casper"]
[Result "0-1"]
[WhiteTitle "IM"]
[BlackTitle "GM"]
[WhiteElo "2444"]
[BlackElo "2546"]
[WhiteTeam "AMEVO Apeldoorn"]
[BlackTeam "Kennemer Combinatie"]
[WhiteFideId "1018400"]
[BlackFideId "1046730"]
[EventDate "2023.09.16"]
[EventType "team"]

1. e4 c5 2. Nf3 e6 3. d4 cxd4 4. Nxd4 a6 5. Qd3 Nc6 6. Nxc6 bxc6 7. Qg3 d5 8.
Bd3 Nf6 9. Nd2 g6 10. e5 Nd7 11. h4 Bg7 12. Nf3 h6 13. O-O c5 14. Bd2 Qe7 15. b3
Bb7 16. Rae1 Rc8 17. a3 Nb8 18. h5 g5 19. Nh2 Nc6 20. f4 c4 21. bxc4 dxc4 22.
Be4 Nd4 23. Bb4 Qd7 24. Qf2 a5 25. Bxa5 Bxe4 26. Rxe4 Nf5 27. Bb4 Qb7 28. Ree1
gxf4 29. Qxf4 Rg8 30. Ng4 Bh8 31. Rf2 Rd8 32. Ne3 Nxe3 33. Qxe3 Rg5 34. Bd6 f5
35. a4 Kf7 36. a5 Rdg8 37. Ree2 Rxh5 38. Qf3 Qxf3 39. Rxf3 Ra8 40. Bc7 Rh4 41.
Ra3 Bg7 42. Rd2 Bf8 43. Bd6 Be7 44. a6 Bg5 45. Rd1 c3 46. Bc5 Rc4 47. Rd7+ Kg6
48. Bf2 Rb4 49. g3 Rb2 50. a7 Rxc2 51. Rc7 Bd2 52. Rb3 Rb2 53. Rxb2 cxb2 54. Rb7
Bc3 55. Kg2 Bxe5 56. Kf3 h5 57. Ke2 Kg5 58. Kf3 Kf6 59. Ke2 Rc8 60. Kd3 Rc3+ 61.
Kd2 Ra3 62. Kc2 Ra1 63. Rb5 Kg5 64. Rb4 Kf6 65. Rb7 Rc1+ 66. Kd2 Rc8 67. Kd3 Kg5
68. Rb4 Kg6 69. Rb6 Kf7 70. Rb7+ Kf6 71. Ke2 Rg8 72. Kf3 Rc8 73. Ke2 Kg5 74. Rb4
Rd8 75. Kf3 Kf6 76. Rb7 Rd3+ 77. Ke2 Ra3 78. Bc5 Ra2 79. Kf3 Ra1 80. Bf2 Bc3 81.
Ke2 e5 82. Kd3 Bd4 83. Bxd4 exd4 84. Kxd4 Rxa7 85. Rxb2 Ra3 86. Rh2 Kg5 87. Rh3
Kg4 88. Rh4+ Kxg3 89. Rxh5 f4 90. Rg5+ Kf2 91. Rb5 f3 92. Ke4 Kg2 93. Rg5+ Kf1
94. Rg3 Ke2 95. Rh3 Ra4+ 0-1

[Event "Dutch League 2023-24"]
[Site "Netherlands NED"]
[Date "2024.02.03"]
[Round "6.7"]
[White "Pardo Simon, David"]
[Black "Meurs, Tom"]
[Result "1-0"]
[WhiteTitle "IM"]
[WhiteElo "2448"]
[BlackElo "2249"]
[WhiteTeam "Kennemer Combinatie"]
[BlackTeam "AMEVO Apeldoorn"]
[WhiteFideId "2296276"]
[BlackFideId "1021176"]
[EventDate "2023.09.16"]
[EventType "team"]

1. d4 d5 2. Bf4 c5 3. e3 Nc6 4. Nf3 Bf5 5. dxc5 e6 6. Nd4 Bxc5 7. Nxf5 exf5 8.
c3 Nf6 9. Be2 Ne4 10. Nd2 Qf6 11. Nxe4 dxe4 12. Qd5 Be7 13. O-O-O O-O 14. h4
Rad8 15. Qb5 Qe6 16. Kb1 Qc8 17. h5 Bf6 18. Rhg1 a6 19. Qc5 Rxd1+ 20. Rxd1 Be7
21. Qb6 Bd8 22. Qb3 Bc7 23. h6 Rd8 24. Rxd8+ Bxd8 25. Qd5 g5 26. Bc4 Qe6 27.
Qxe6 fxe6 28. Bxe6+ Kf8 29. Bd6+ Be7 30. Bc7 1-0

[Event "Dutch League 2023-24"]
[Site "Netherlands NED"]
[Date "2024.02.03"]
[Round "6.8"]
[White "Lammens, Tim"]
[Black "Godzwon, Iwo"]
[Result "1/2-1/2"]
[WhiteTitle "FM"]
[BlackTitle "FM"]
[WhiteElo "2238"]
[BlackElo "2402"]
[WhiteTeam "AMEVO Apeldoorn"]
[BlackTeam "Kennemer Combinatie"]
[WhiteFideId "1008803"]
[BlackFideId "21802483"]
[EventDate "2023.09.16"]
[EventType "team"]

1. c4 e5 2. g3 Nf6 3. Bg2 Nc6 4. Nc3 g6 5. d3 Bg7 6. e4 d6 7. Nge2 Nd7 8. h4 Nc5
9. Bg5 f6 10. Be3 Be6 11. Nd5 a5 12. Qd2 h5 13. O-O O-O 14. Rad1 Ne7 15. d4 Nd7
16. dxe5 fxe5 17. Bg5 Nf6 18. Nec3 Qd7 19. Nxf6+ Bxf6 20. c5 Rad8 21. Bxf6 Rxf6
22. Qg5 Rdf8 23. cxd6 cxd6 24. Rd2 Nc6 25. f4 Nd4 26. Rdf2 Qg7 27. fxe5 Rxf2 28.
Rxf2 Rxf2 29. Kxf2 dxe5 30. Kg1 Kf7 31. Qd8 Nc6 32. Qb6 Kg8 33. Nd5 Kh8 34. Kh2
Qd7 35. Qe3 Kg7 36. Qc3 Qd6 37. a3 b5 38. Qe3 Nd4 39. Qc3 Nc6 40. Qe3 Nd4 41.
Qc3 Nc6 1/2-1/2

[Event "Dutch League 2023-24"]
[Site "Netherlands NED"]
[Date "2024.02.03"]
[Round "6.9"]
[White "Elgersma, Onno"]
[Black "Van de Oudeweetering, Arthur"]
[Result "1-0"]
[WhiteTitle "FM"]
[BlackTitle "IM"]
[WhiteElo "2352"]
[BlackElo "2253"]
[WhiteTeam "Kennemer Combinatie"]
[BlackTeam "AMEVO Apeldoorn"]
[WhiteFideId "1053531"]
[BlackFideId "1000551"]
[EventDate "2023.09.16"]
[EventType "team"]

1. e4 e5 2. Nf3 Nc6 3. Bb5 a6 4. Ba4 Nf6 5. O-O b5 6. Bb3 Bb7 7. d3 Be7 8. Nc3
O-O 9. Bd2 Nd4 10. Nxe5 Nxb3 11. axb3 b4 12. Nd5 Nxd5 13. exd5 Bxd5 14. Re1 d6
15. Nc4 Bf6 16. Bxb4 Bxc4 17. dxc4 Bxb2 18. Ra2 Qf6 19. Re3 Be5 20. g3 c5 21.
Be1 Rfe8 22. Qe2 Kf8 23. c3 Qf5 24. Kg2 Re6 25. Qd1 h5 26. Qd5 Rae8 27. Qf3 Qb1
28. Rxa6 Qxb3 29. Ra7 R6e7 30. Rxe7 Rxe7 31. Qxh5 g6 32. Qh4 Ra7 33. Re2 Qb7+
34. f3 Qd7 35. Bd2 Kg8 36. Qe4 Ra4 37. f4 Bf6 38. f5 gxf5 39. Qd5 Ra7 40. Kf2
Be5 41. Qd3 Qe6 42. Qc2 Kg7 43. Bf4 Ra8 44. Qd2 f6 45. Qb2 Rh8 46. Qb7+ Kg6 47.
h4 Qxc4 48. Bxe5 dxe5 49. Qe7 f4 50. gxf4 Qxf4+ 51. Kg1 Qc1+ 52. Kg2 Rg8 53. Kh2
Qf4+ 54. Kg1 Kf5+ 55. Rg2 Rxg2+ 56. Kxg2 Qd2+ 57. Kf1 Qxc3 58. Qh7+ Kg4 59. Qe4+ 1-0

[Event "Dutch League 2023-24"]
[Site "Netherlands NED"]
[Date "2024.02.03"]
[Round "6.10"]
[White "Rijnaarts, Sjef"]
[Black "Roebers, Eline"]
[Result "1-0"]
[WhiteTitle "FM"]
[BlackTitle "IM"]
[WhiteElo "2276"]
[BlackElo "2367"]
[WhiteTeam "AMEVO Apeldoorn"]
[BlackTeam "Kennemer Combinatie"]
[WhiteFideId "1014870"]
[BlackFideId "1058401"]
[EventDate "2023.09.16"]
[EventType "team"]

1. e4 e6 2. d4 d5 3. Nc3 Bb4 4. e5 c5 5. a3 Bxc3+ 6. bxc3 Nc6 7. a4 Qa5 8. Bd2
Nge7 9. Nf3 Bd7 10. c4 Qc7 11. cxd5 Nxd5 12. c3 f6 13. exf6 gxf6 14. Be2 O-O-O
15. O-O Rhg8 16. a5 Nce7 17. a6 b6 18. dxc5 Bc6 19. Qb3 Ng6 20. cxb6 Nxb6 21.
Rfd1 Ne5 22. Bf4 Bxf3 23. Qxe6+ Nbd7 24. Bxe5 Rxg2+ 25. Kf1 Bxe2+ 26. Kxg2 fxe5
27. Rd6 Bc4 28. Qh6 Rg8+ 29. Kh3 Nc5 30. Rg1 Re8 31. Rg7 Re7 32. Rg8+ 1-0

[Event "Dutch League 2023-24"]
[Site "Netherlands NED"]
[Date "2024.02.03"]
[Round "6.1"]
[White "Dardha, Arben"]
[Black "Ris, Robert"]
[Result "1/2-1/2"]
[WhiteTitle "FM"]
[BlackTitle "IM"]
[WhiteElo "2299"]
[BlackElo "2437"]
[WhiteTeam "Charlois Europoort"]
[BlackTeam "Zukertort Amstelveen"]
[WhiteFideId "4700481"]
[BlackFideId "1011480"]
[EventDate "2023.09.16"]
[EventType "team"]

1. e4 c5 2. Nf3 e6 3. d4 cxd4 4. Nxd4 Nc6 5. Nc3 Qc7 6. Be2 Nf6 7. O-O Be7 8.
Kh1 O-O 9. f4 d6 10. Be3 Nxd4 11. Bxd4 e5 12. Be3 a6 13. Qe1 b5 14. Qg3 Kh8 15.
fxe5 dxe5 16. Bg5 Be6 17. a3 Rad8 18. Rad1 Ng8 19. Be3 Bc5 20. h3 Ne7 21. Bd3 f6
22. Qf2 Rc8 23. Rd2 Kg8 24. Rfd1 Bxe3 25. Qxe3 Qc5 26. Qxc5 Rxc5 27. Be2 Kf7 28.
Rd6 Nc6 29. Bg4 Bxg4 30. hxg4 Kg6 31. Nd5 Rf7 32. c3 a5 33. Rd3 Ne7 34. Ne3 Nc8
35. R6d5 Rfc7 36. Nf5 Kg5 37. Rxc5 Rxc5 38. Nxg7 Kxg4 39. Kh2 Rc6 40. Rh3 Nd6
41. Rg3+ Kf4 42. Nh5+ Kxe4 43. Nxf6+ Kf5 44. Rf3+ Ke6 45. Nxh7 e4 46. Rf1 1/2-1/2

[Event "Dutch League 2023-24"]
[Site "Netherlands NED"]
[Date "2024.02.03"]
[Round "6.2"]
[White "De Winter, Arthur"]
[Black "Van der Graaf, Andre"]
[Result "1-0"]
[WhiteTitle "IM"]
[WhiteElo "2413"]
[BlackElo "1935"]
[WhiteTeam "Zukertort Amstelveen"]
[BlackTeam "Charlois Europoort"]
[WhiteFideId "1069020"]
[BlackFideId "1040910"]
[EventDate "2023.09.16"]
[EventType "team"]

1. e4 c5 2. Nf3 Nc6 3. Bb5 d6 4. O-O g6 5. e5 Bg4 6. h3 Bxf3 7. Qxf3 Rc8 8. Re1
e6 9. exd6 Qxd6 10. Na3 a6 11. Nc4 Qe7 12. Bxc6+ Rxc6 13. Qg3 b5 14. Qf3 Rc8 15.
Nb6 Rb8 16. Nd5 Qd8 17. d4 Be7 18. Nxe7 Nxe7 19. dxc5 Qd4 20. Bf4 1-0

[Event "Dutch League 2023-24"]
[Site "Netherlands NED"]
[Date "2024.02.03"]
[Round "6.3"]
[White "Kollen, Zyon"]
[Black "Van der Eijk, Martijn"]
[Result "1-0"]
[WhiteTitle "FM"]
[WhiteElo "2331"]
[BlackElo "2232"]
[WhiteTeam "Charlois Europoort"]
[BlackTeam "Zukertort Amstelveen"]
[WhiteFideId "1024256"]
[BlackFideId "1026534"]
[EventDate "2023.09.16"]
[EventType "team"]

1. e4 e5 2. Nf3 Nc6 3. Bb5 a6 4. Ba4 Nf6 5. O-O Be7 6. Re1 b5 7. Bb3 O-O 8. h3
Bb7 9. d3 d5 10. exd5 Nxd5 11. Nxe5 Nd4 12. Nc3 Nb4 13. Ne4 Nxb3 14. axb3 Qd5
15. Nf3 f5 16. Neg5 Bd6 17. Bd2 h6 18. Ne6 Rf6 19. Bxb4 Bxb4 20. Nxc7 Qc6 21.
Nxa8 Bxe1 22. Qxe1 Rg6 23. Nc7 Qxc7 24. Qe8+ Kh7 25. Qe2 Qc6 26. Kf1 Re6 27. Qd2
Qc7 28. Re1 Rxe1+ 29. Kxe1 Bxf3 30. gxf3 Qe5+ 31. Kd1 Qxb2 32. d4 a5 33. Qd3 Kg6
34. d5 a4 35. bxa4 Qa1+ 36. Kd2 Qxa4 37. d6 Qa5+ 38. Ke2 Qd8 39. d7 b4 40. Qd6+
Kh7 41. f4 Kh8 42. Qe6 1-0

[Event "Dutch League 2023-24"]
[Site "Netherlands NED"]
[Date "2024.02.03"]
[Round "6.5"]
[White "Lecomte, Robin"]
[Black "Peelen, Piet"]
[Result "1/2-1/2"]
[BlackTitle "IM"]
[WhiteElo "2233"]
[BlackElo "2343"]
[WhiteTeam "Charlois Europoort"]
[BlackTeam "Zukertort Amstelveen"]
[WhiteFideId "1037170"]
[BlackFideId "1000403"]
[EventDate "2023.09.16"]
[EventType "team"]

1. Nf3 Nf6 2. g3 g6 3. Bg2 Bg7 4. O-O O-O 5. d4 d5 6. c4 c6 7. b3 Bf5 8. Bb2 a5
9. Nbd2 Ne4 10. Nh4 Nxd2 11. Qxd2 Be6 1/2-1/2

[Event "Dutch League 2023-24"]
[Site "Netherlands NED"]
[Date "2024.02.03"]
[Round "6.6"]
[White "Van Gisbergen, Stan"]
[Black "Osinga-Reiber, Marjolein"]
[Result "1-0"]
[WhiteTitle "FM"]
[WhiteElo "2262"]
[BlackElo "1569"]
[WhiteTeam "Zukertort Amstelveen"]
[BlackTeam "Charlois Europoort"]
[WhiteFideId "1002066"]
[BlackFideId "1048490"]
[EventDate "2023.09.16"]
[EventType "team"]

1. d4 Nf6 2. c4 g6 3. Nc3 Bg7 4. e4 d6 5. f3 O-O 6. Be3 Nbd7 7. Nh3 e5 8. Be2
Nb6 9. Nf2 Nh5 10. dxe5 Bxe5 11. Qd2 Bg7 12. g4 Nf6 13. g5 Nfd7 14. f4 f5 15.
exf5 Rxf5 16. Bd4 Qe7 17. Bxg7 Qxg7 18. Ng4 Kh8 19. O-O a5 20. Ne4 d5 21. Ng3
Rf8 22. cxd5 Nc5 23. Ne5 Bh3 24. Rfc1 Qe7 25. Qd4 Na6 26. Nf7+ Kg8 27. Nh6# 1-0

[Event "Dutch League 2023-24"]
[Site "Netherlands NED"]
[Date "2024.02.03"]
[Round "6.7"]
[White "Maerevoet, Sim"]
[Black "Krudde, Fitzgerald"]
[Result "1-0"]
[WhiteTitle "IM"]
[BlackTitle "FM"]
[WhiteElo "2442"]
[BlackElo "2249"]
[WhiteTeam "Charlois Europoort"]
[BlackTeam "Zukertort Amstelveen"]
[WhiteFideId "241725"]
[BlackFideId "1001175"]
[EventDate "2023.09.16"]
[EventType "team"]

1. e4 e6 2. d4 d5 3. Nc3 dxe4 4. Nxe4 Be7 5. Nf3 Nf6 6. Nxf6+ Bxf6 7. c3 Nd7 8.
Bf4 O-O 9. Bd3 c5 10. h4 g6 11. Qd2 cxd4 12. cxd4 Nb6 13. Be5 Nd7 14. h5 Nxe5
15. dxe5 Bg7 16. O-O-O Qd5 17. Kb1 Bd7 18. hxg6 hxg6 19. Qg5 Qc6 20. Bxg6 fxg6
21. Qxg6 Rf7 22. Ng5 1-0

[Event "Dutch League 2023-24"]
[Site "Netherlands NED"]
[Date "2024.02.03"]
[Round "6.8"]
[White "Schilstra, Laurens"]
[Black "De Wit, Michel"]
[Result "1-0"]
[BlackTitle "FM"]
[WhiteElo "2154"]
[BlackElo "2090"]
[WhiteTeam "Zukertort Amstelveen"]
[BlackTeam "Charlois Europoort"]
[WhiteFideId "1043218"]
[BlackFideId "1002210"]
[EventDate "2023.09.16"]
[EventType "team"]

1. e4 e5 2. Nf3 Nc6 3. Bb5 a6 4. Ba4 Nf6 5. O-O b5 6. Bb3 Be7 7. d3 d6 8. c3 O-O
9. Re1 Na5 10. Bc2 c5 11. Nbd2 Re8 12. Nf1 Bf8 13. Ng3 g6 14. Be3 Bb7 15. a4 Nc6
16. Bb3 Qc7 17. Bg5 Bg7 18. Qd2 c4 19. Bc2 Rab8 20. axb5 axb5 21. Rad1 Bc8 22.
h3 Na5 23. d4 Nd7 24. Bh6 Bh8 25. dxe5 dxe5 26. Nf5 Nc5 27. Qd6 Ne6 28. Qxc7
Nxc7 29. Nd6 Re7 30. Nxc8 Rxc8 31. Rd6 Ne6 32. Ra1 Nc6 33. Rxc6 1-0

[Event "Dutch League 2023-24"]
[Site "Netherlands NED"]
[Date "2024.02.03"]
[Round "6.9"]
[White "Vandenbussche, Thibaut"]
[Black "Los, Sander"]
[Result "1-0"]
[WhiteTitle "IM"]
[BlackTitle "FM"]
[WhiteElo "2428"]
[BlackElo "2282"]
[WhiteTeam "Charlois Europoort"]
[BlackTeam "Zukertort Amstelveen"]
[WhiteFideId "204412"]
[BlackFideId "1000527"]
[EventDate "2023.09.16"]
[EventType "team"]

1. e4 c5 2. Nf3 d6 3. Bb5+ Bd7 4. Bxd7+ Qxd7 5. O-O Nc6 6. Qe2 g6 7. c3 Bg7 8.
Rd1 e5 9. d4 exd4 10. cxd4 cxd4 11. Na3 Nge7 12. Nb5 O-O 13. Bf4 d5 14. Nfxd4
Nxd4 15. Nxd4 dxe4 16. Nb5 Qf5 17. Bd6 Bf6 18. Ba3 e3 19. fxe3 Rfd8 20. Nd6 Qe6
21. Qf3 Rd7 22. Ne4 Rxd1+ 23. Rxd1 Be5 24. Ng5 Qf6 25. Qxb7 Qxg5 26. Qxa8+ Kg7
27. Qf3 Nf5 28. Rf1 Qxe3+ 29. Qxe3 Nxe3 30. Rc1 Bd4 31. Bc5 1-0

[Event "Dutch League 2023-24"]
[Site "Netherlands NED"]
[Date "2024.02.03"]
[Round "6.10"]
[White "Kuling, Lody"]
[Black "Van Drunen, Kees"]
[Result "1/2-1/2"]
[WhiteElo "2214"]
[BlackElo "2086"]
[WhiteTeam "Zukertort Amstelveen"]
[BlackTeam "Charlois Europoort"]
[WhiteFideId "1019686"]
[BlackFideId "1018906"]
[EventDate "2023.09.16"]
[EventType "team"]

1. d4 d5 2. c4 c6 3. Nf3 Nf6 4. Nc3 dxc4 5. a4 Bf5 6. e3 e6 7. Bxc4 Bb4 8. O-O
O-O 9. Qe2 Bg6 10. Ne5 Nbd7 11. Nxg6 hxg6 12. Rd1 Qa5 13. Na2 Bd6 14. Bd2 Qh5
15. Qxh5 gxh5 16. a5 e5 17. dxe5 Nxe5 18. Be2 Rfe8 19. Be1 Rad8 20. Nb4 c5 21.
Nd5 Neg4 22. Nxf6+ Nxf6 23. Rac1 Be7 24. Bc3 Rxd1+ 25. Bxd1 b6 26. Bf3 Rd8 27.
Kf1 g6 28. e4 Ng4 29. h3 Nh2+ 30. Ke2 Nxf3 31. Kxf3 b5 32. a6 Rd6 33. Ra1 1/2-1/2

[Event "Dutch League 2023-24"]
[Site "Netherlands NED"]
[Date "2024.02.03"]
[Round "6.1"]
[White "Braun, Christian2"]
[Black "Fernandez, Daniel Howard"]
[Result "1/2-1/2"]
[WhiteTitle "IM"]
[BlackTitle "GM"]
[WhiteElo "2397"]
[BlackElo "2528"]
[WhiteTeam "Zuid Limburg"]
[BlackTeam "HMC Den Bosch"]
[WhiteFideId "4692098"]
[BlackFideId "5801605"]
[EventDate "2023.09.16"]
[EventType "team"]

1. Nf3 d5 2. g3 Nf6 3. Bg2 c6 4. O-O Bg4 5. h3 Bxf3 6. Bxf3 Nbd7 7. d3 h5 8. h4
g6 9. e4 dxe4 10. dxe4 Ne5 11. Bf4 Qxd1 12. Bxd1 Ned7 13. e5 Nd5 14. e6 fxe6 15.
Bc1 a5 16. Nd2 Bh6 17. Nf3 Bxc1 18. Rxc1 a4 19. a3 Rf8 20. Ng5 e5 21. c4 Nc7 22.
Bc2 Rf6 23. Ne4 Re6 24. Rfd1 Ra5 25. Bxa4 Nf6 26. Nc3 Rd6 27. Bc2 Kf7 28. Nb1 1/2-1/2

[Event "Dutch League 2023-24"]
[Site "Netherlands NED"]
[Date "2024.02.03"]
[Round "6.2"]
[White "Van der Stricht, Geert"]
[Black "Van Dael, Siem"]
[Result "1/2-1/2"]
[WhiteTitle "IM"]
[BlackTitle "FM"]
[WhiteElo "2303"]
[BlackElo "2308"]
[WhiteTeam "HMC Den Bosch"]
[BlackTeam "Zuid Limburg"]
[WhiteFideId "201324"]
[BlackFideId "1049771"]
[EventDate "2023.09.16"]
[EventType "team"]

1. d4 Nf6 2. c4 g6 3. Nc3 Bg7 4. e4 d6 5. Be2 O-O 6. Nf3 e5 7. O-O Nc6 8. d5 Ne7
9. b4 a5 10. Ba3 axb4 11. Bxb4 b6 12. a4 Re8 13. Re1 Nd7 14. Nb5 Nc5 15. Nd2 f5
16. a5 Ba6 17. axb6 cxb6 18. Qc2 Rf8 19. Bf1 Bh6 20. Bxc5 bxc5 21. Nc3 Bb7 22.
Reb1 Rxa1 23. Rxa1 Qc7 24. Ndb1 fxe4 25. Nxe4 Nf5 26. Nbc3 Qf7 27. Ra7 Rb8 28.
Qb1 Bf8 29. Qb6 Kh8 30. Nb5 Qd7 31. Qc7 Qxc7 32. Nxc7 Bc8 33. Nb5 h5 34. h4 Be7
35. g3 Kg8 36. Kh2 Kf8 37. Bh3 Nd4 38. Nbxd6 Nf3+ 39. Kg2 Ne1+ 40. Kh2 Nf3+ 41.
Kg2 Ne1+ 42. Kf1 Bxh3+ 43. Kxe1 Bg2 44. f3 Bxf3 45. Ng5 Bxd6 46. Rf7+ Ke8 47.
Rxf3 Rb4 48. Rf6 Kd7 49. Nf7 Ke7 50. Rxg6 Kxf7 51. Rxd6 Rxc4 52. Rh6 Rd4 53.
Rxh5 Rxd5 54. Rh8 c4 55. Rc8 Rd3 56. Kf2 c3 57. h5 Kf6 58. g4 Kg5 59. Rc4 Rh3
60. Kg2 Rd3 61. Kf2 Rh3 62. Kg2 Rh4 63. Kg3 c2 64. h6 Rxh6 65. Rxc2 Rb6 66. Rc4 1/2-1/2